| 000 | 00661nam a2200157 a 4500 | ||
|---|---|---|---|
| 008 | 210224s2007 ||||||||||||||||| || u | ||
| 020 | _a9780716799498 | ||
| 050 | _aQD 251.3 Vol | ||
| 100 | _aVollhardt, K. Peter C | ||
| 245 | 1 | 0 |
_aOrganic Chemistry:Structure and function.(5th edition) _cBy K. Peter C. Vollhardt; Neil E. Schore |
| 250 | _a5th edition | ||
| 260 |
_aNew York _bW. H. Freeman and Company _c2007 |
||
| 300 | _axxviii,1254 pages:illustrations | ||
| 650 | _aCHEMISTRY--ORGANIC--TEXTBOOKS | ||
| 995 |
_FCBU-MAIN LIBRARY (Kitwe) _M1 _UAVAILABLE _WMar 30, 2021 _ZMain Library Open Access Collection |
||
| 999 |
_c52798 _d52798 |
||